LEADER 01573nam1-2200445---450- 001 990001019170203316 005 20101221084507.0 010 $a88-13-17143-9$bvol.1 010 $a88-13-17804-X$bvol.2 010 $a88-13-17610-4$bvol.3 010 $a88-13-17627-9$bvol.4 010 $a88-13-17628-7$bvol.5 035 $a0101917 035 $aUSA010101917 035 $a(ALEPH)000101917USA01 035 $a0101917 100 $a20020306d1992----km-y0ITAy01------ba 101 $aita 102 $aIT 105 $a||||||||001yy 200 1 $aCodice commentato della imposizione fiscale sulle società$eannotato articolo per articolo con ampie note di bibliografia, dottrina, prassi amministrativa, giurisprudenza e formulario$fCalogero Vinci, Mario Gagliardi 210 $aPadova$cCEDAM$d1992 215 $a5 v.in 6$d25 cm 606 0 $aSocietà commerciali$xTributi$yItalia$aLegislazione 676 $a343.4506802638 700 1$aVINCI,$bCalogero$0107166 701 1$aGAGLIARDI,$bMario$0107167 801 0$aIT$bsalbc$gISBD 912 $a990001019170203316 951 $aXXV.3.E. 598 1 (IG II 453/I)$b29 G$cXXV.3.E. 598 1 (IG II)$d00241022 959 $aBK 969 $aGIU 979 $aPATTY$b90$c20020306$lUSA01$h1627 979 $c20020403$lUSA01$h1743 979 $aPATRY$b90$c20040406$lUSA01$h1710 979 $aRSIAV3$b90$c20090721$lUSA01$h1557 979 $aRSIAV3$b90$c20090721$lUSA01$h1619 979 $aRSIAV4$b90$c20101221$lUSA01$h0845 996 $aCodice commentato della imposizione fiscale sulle società$9974422 997 $aUNISA LEADER 03611nam 22006492 450 001 9910457177903321 005 20211026151829.0 010 $a1-107-14556-2 010 $a1-280-45787-2 010 $a9786610457878 010 $a0-511-18548-0 010 $a0-511-18465-4 010 $a0-511-18728-9 010 $a0-511-31345-4 010 $a0-511-53664-X 010 $a0-511-18635-5 035 $a(CKB)1000000000353604 035 $a(EBL)256663 035 $a(OCoLC)319033333 035 $a(SSID)ssj0000250183 035 $a(PQKBManifestationID)11208985 035 $a(PQKBTitleCode)TC0000250183 035 $a(PQKBWorkID)10231453 035 $a(PQKB)10774790 035 $a(UkCbUP)CR9780511536649 035 $a(MiAaPQ)EBC256663 035 $a(Au-PeEL)EBL256663 035 $a(CaPaEBR)ebr10124706 035 $a(CaONFJC)MIL45787 035 $a(EXLCZ)991000000000353604 100 $a20090430d2004|||| uy| 0 101 0 $aeng 135 $aur||||||||||| 181 $ctxt$2rdacontent 182 $cc$2rdamedia 183 $acr$2rdacarrier 200 10$aSpray simulation $emodelling and numerical simulation of sprayforming metals /$fUdo Fritsching$b[electronic resource] 210 1$aCambridge :$cCambridge University Press,$d2004. 215 $a1 online resource (xiv, 272 pages) $cdigital, PDF file(s) 300 $aTitle from publisher's bibliographic system (viewed on 05 Oct 2015). 311 $a0-521-03777-8 311 $a0-521-82098-7 320 $aIncludes bibliographical references (p. 245-269) and index. 327 $g1.$tIntroduction --$g2.$tSpray forming of metals --$g2.1.$tThe spray forming process --$g2.2.$tDivision of spray forming into subprocesses --$g3.$tModelling within chemical and process technologies --$g4.$tFluid disintegration --$g4.1.$tMelt flow in tundish and nozzle --$g4.2.$tThe gas flow field near the nozzle --$g4.3.$tJet disintegration --$g5.$tSpray --$g5.1.$tParticle movement and cooling --$g5.2.$tInternal spray flow field --$g5.3.$tSpray-chamber flow --$g5.4.$tDroplet and particle collisions --$g6.$tCompaction --$g6.1.$tDroplet impact and compaction --$g6.2.$tGeometric modelling --$g6.3.$tBillet cooling --$g6.4.$tMaterial properties --$g7.$tAn integral modeling approach --$g8.$tSummary and outlook. 330 $aSpray forming combines the metallurgical processes of metal casting and powder metallurgy to fabricate metal products with enhanced properties. This book provides an introduction to the various modelling and simulation techniques employed in spray forming, and shows how they are applied in process analysis and development. The author begins by deriving and describing the main models. He then presents their application in the simulation of the key features of spray forming. Wherever possible he discusses theoretical results with reference to experimental data. Building on the features of metal spray forming, he also derives common characteristic modelling features that may be useful in the simulation of related spray processes. The book is aimed at researchers and engineers working in process technology, chemical engineering and materials science. 606 $aMetal spraying$xMathematical models 606 $aMetal spraying$xComputer simulation 615 0$aMetal spraying$xMathematical models. 615 0$aMetal spraying$xComputer simulation. 676 $a671.7/34 700 $aFritsching$b Udo$f1959-$01044696 801 0$bUkCbUP 801 1$bUkCbUP 906 $aBOOK 912 $a9910457177903321 996 $aSpray simulation$92470496 997 $aUNINA